000 00441nam a2200169Ia 4500
005 20250424120228.0
008 250424s9999 xx 000 0 und d
022 _a21416281
050 _aHG 1358 .C46/
245 0 _aCBN monetary policy review
260 _aGarki, Abuja
260 _bCentral Bank of Nigeria
260 _c2010
300 _ax, 102 p. : ill. ; 27 cm.
650 _aMonetary policy--Nigeria--Periodicals.
942 _cSR
999 _c38117
_d38117